Сигнатурный анализатор; Молодежь и современные информационные технологии

Bibliografiska uppgifter
Parent link:Молодежь и современные информационные технологии.— 2004.— С. 30-31
Huvudupphovsman: Кирюшкин А. П.
Övriga upphovsmän: Салит В. В.
Språk:ryska
Publicerad: 2004
Ämnen:
Materialtyp: MixedMaterials Bokavsnitt
KOHA link:https://koha.lib.tpu.ru/cgi-bin/koha/opac-detail.pl?biblionumber=184367

MARC

LEADER 00000naa2a2200000 4500
001 184367
005 20231031172208.0
035 |a (RuTPU)RU\TPU\book\199944 
090 |a 184367 
100 |a 20100906d2004 k y0rusy50 ca 
101 0 |a rus 
102 |a RU 
200 1 |a Сигнатурный анализатор  |f А. П. Кирюшкин, В. В. Салит 
320 |a Библиогр.: 3 назв. 
463 0 |0 (RuTPU)RU\TPU\book\75409  |t Молодежь и современные информационные технологии  |o Сборник трудов II-ой Всероссийской научно-практической конференции студентов, г. Томск, 25-26 февраля 2004 г.  |f Томский политехнический университет; Институт "Кибернетический центр"; Под ред. В. И. Гончарова  |v С. 30-31  |d 2004  |p 282 с. 
610 1 |a цифровые системы 
610 1 |a диагностирование 
610 1 |a сигнатурные анализаторы 
610 1 |a структурные схемы 
610 1 |a труды учёных ТПУ 
700 1 |a Кирюшкин  |b А. П. 
701 1 |a Салит  |b В. В. 
801 1 |a RU  |b 63413507  |c 20100906 
942 |c BK